Score 0/30 Timer 04:00
0 Plays Today
% Correct
Giraffe
94.1%
Goofy
93%
The Grand Canyon State (AZ)
89.5%
Grumpy
89.1%
Gone with the Wind
88.8%
The Great Gatsby
87.2%
Green Tea
85.6%
The Grapes of Wrath
84.9%
Gin and Tonic
83.3%
Greece
83.2%
Great Expectations
82.4%
The Golden State (CA)
81.7%
Gecko
80.9%
Germany
75.7%
The Green Mountain State (VT)
75.3%
% Correct
Grapefruit Juice
75.3%
Genie
71.1%
Guatemala
70%
Gorilla
67.9%
Groundhog
67.8%
Gatorade
63.6%
Gaston
63.2%
Guyana
58.8%
Geppetto
57.5%
The Garden State (NJ)
50.9%
Goldfish
50.2%
The Granite State (NH)
48.9%
Guinness
42.4%
Guinea-Bissau
41.1%
Gravity's Rainbow
22.4%

You're not logged in!

Compare scores with friends on all Sporcle quizzes.
OR
Log In

Sporcle TV

Today on Sporcle TV


Watch our educational content, quiz creation guides, and fun videos on Sporcle TV.

Show Comments

Extras

Top Quizzes Today


Score Distribution

Paid Content

Your Account Isn't Verified!

In order to create a playlist on Sporcle, you need to verify the email address you used during registration. Go to your Sporcle Settings to finish the process.

Report this User

Report this user for behavior that violates our Community Guidelines.

Details: